[Event "Red Bull Chess Masters 2018"]
[Site "Istanbul"]
[Date "2018.10.20"]
[Round "2.1"]
[White "Atas, Yunus"]
[Black "Degirmenci, Yagiz"]
[Result "0-1"]
[WhiteElo "1921"]
[BlackElo "1881"]
[Annotator "NA RC"]
[PlyCount "106"]
[EventDate "2018.10.19"]
[EventType "team-tourn"]
[EventCountry "TUR"]
[SourceTitle "playchess.com"]
[Source "ChessBase"]
[SourceQuality "1"]
[TimeControl "600+5"]

1. d4 {[%emt 0:00:03]} d5 {[%emt 0:00:07]} 2. Nf3 {[%emt 0:00:05]} Nf6 {[%emt 0:00:05]} 3. c4 {[%emt 0:00:04]} e6 {[%emt 0:00:02]} 4. Nc3 {[%emt 0:00:05]} Be7 {[%emt 0:00:05]} 5. Bg5 {[%emt 0:00:10]} O-O {[%emt 0:00:02]} 6. e3 {[%emt 0:00:00]} Nbd7 {[%emt 0:00:37]} 7. Qc2 {[%emt 0:00:11]} c6 {[%emt 0:00:07]} 8. cxd5 {[%emt 0:00:04]} exd5 {[%emt 0:00:13]} 9. Bd3 {[%emt 0:00:06]} h6 {[%emt 0:00:05]} 10. Bh4 {[%emt 0:00:10]} Re8 {[%emt 0:00:05]} 11. O-O {[%emt 0:00:05]} Ne4 {[%emt 0:00:12]} 12. Nxe4 {[%emt 0:00:35]} dxe4 {[%emt 0:00:12] D36: Queen's Gambit Declined: Exchange Variation: Main line (5 Bg5 c6 6 Qc2)} 13. Bxe4 {[%emt 0:01:19]} Bxh4 {[%emt 0:00:05]} 14. Rac1 $146 {[%emt 0:00:05]} ({Predecessor:} 14. Ne5 Nxe5 15. dxe5 Rxe5 16. f4 Re8 17. g3 Bf6 18. Bh7+ Kh8 19. e4 Bd4+ 20. Kh1 Kxh7 21. e5+ Kg8 {0-1 (21) Ergenc,C (1657)-Fugger,C (1881) Hoersching 2017}) 14... Bf6 {[%emt 0:00:15]} 15. b4 {[%emt 0:01:08]} Qe7 {[%emt 0:00:05]} 16. Bd3 {[%emt 0:00:05]} Qxb4 {[%emt 0:00:05]} 17. Bc4 {[%emt 0:00:30]} Nb6 {[%emt 0:00:25]} 18. Bb3 {[%emt 0:00:03]} Be6 {[%emt 0:00:33]} 19. Bxe6 {[%emt 0:01:14]} Rxe6 {[%emt 0:00:05]} 20. Nd2 {[%emt 0:00:21]} Rd8 {[%emt 0:00:30]} 21. Rb1 {[%emt 0:00:20]} Qe7 {[%emt 0:00:42]} 22. a4 {[%emt 0:00:15]} Nd5 {[%emt 0:00:29]} 23. Nc4 {[%emt 0:00:14]} Rc8 {[%emt 0:00:28]} 24. Qb3 {[%emt 0:00:16]} b6 {[%emt 0:00:05]} 25. Rfc1 {[%emt 0:00:05]} Qd7 {[%emt 0:00:36]} 26. Nd2 {[%emt 0:00:32]} c5 {[%emt 0:00:53]} 27. e4 {[%emt 0:00:33]} Nf4 {[%emt 0:00:05]} 28. Qf3 {[%emt 0:00:01]} Ng6 {[%emt 0:01:34]} 29. d5 {[%emt 0:00:28]} Ree8 {[%emt 0:00:04]} 30. Qd3 {[%emt 0:00:22]} Bg5 {[%emt 0:00:04]} 31. Re1 {[%emt 0:01:01]} Ne5 {[%emt 0:00:10]} 32. Qc2 {[%emt 0:00:10]} Qg4 {[%emt 0:00:09]} 33. f3 {[%emt 0:00:10]} Qd7 {[%emt 0:00:24]} 34. a5 {[%emt 0:00:42]} Bxd2 {[%emt 0:00:13]} 35. Qxd2 {[%emt 0:00:02]} c4 {[%emt 0:00:06]} 36. axb6 {[%emt 0:00:05]} axb6 {[%emt 0:00:08]} 37. Qd4 {[%emt 0:00:28]} b5 {[%emt 0:00:14]} 38. f4 {[%emt 0:00:30]} Nd3 {[%emt 0:00:05]} 39. Re3 {[%emt 0:00:04]} Nxf4 {[%emt 0:00:10]} 40. Rf1 {[%emt 0:00:05]} Qg4 {[%emt 0:00:05]} 41. Rf2 {[%emt 0:00:23]} Ng6 {[%emt 0:01:08]} 42. d6 {[%emt 0:00:10]} Qd7 {[%emt 0:00:14]} 43. e5 {[%emt 0:00:07] [#]} c3 $1 {[%emt 0:00:19]} 44. Rxc3 {[%emt 0:00:08]} Rxc3 {[%emt 0:00:11]} 45. Qxc3 {[%emt 0:00:05]} Nxe5 {[%emt 0:00:05]} 46. Qd4 {[%emt 0:00:02]} Nc4 {[%emt 0:00:12]} 47. Rf5 {[%emt 0:00:08]} Qxd6 $19 {[%emt 0:00:11]} (47... Qxf5 $142 48. Qa1 Qc5+ 49. Kh1 Qf2 50. h4 Re1+ 51. Qxe1 Qxe1+ 52. Kh2 Nxd6 53. Kh3 Ne4 54. Kh2 h5 55. g4 Qg3+ 56. Kh1 Nf2#) 48. Rd5 {[%emt 0:00:04]} Qe6 {[%emt 0:00:09]} 49. h3 {[%emt 0:00:03]} Qe1+ {[%emt 0:00:20]} 50. Kh2 {[%emt 0:00:02]} Ne3 {[%emt 0:00:03]} 51. Rd8 {[%emt 0:00:10]} Nf1+ {[%emt 0:00:04]} 52. Kg1 {[%emt 0:00:12]} Ne3+ {[%emt 0:00:10]} 53. Kh2 {[%emt 0:00:05]} Nf5 {[%emt 0:00:05]} 0-1

[Event "Red Bull Chess Masters 2018"]
[Site "Istanbul"]
[Date "2018.10.20"]
[Round "2.1"]
[White "Celikel, Fatih"]
[Black "Aliakbarov, Anar"]
[Result "0-1"]
[WhiteElo "1856"]
[BlackElo "2281"]
[Annotator "RC"]
[PlyCount "72"]
[EventDate "2018.10.19"]
[EventType "team-tourn"]
[EventCountry "TUR"]
[SourceTitle "playchess.com"]
[Source "ChessBase"]
[SourceQuality "1"]
[TimeControl "600+5"]

1. d4 {[%emt 0:00:05]} d5 {[%emt 0:00:02]} 2. Bf4 {[%emt 0:00:07]} Nf6 {[%emt 0:00:05]} 3. e3 {[%emt 0:00:05]} c5 {[%emt 0:00:00]} 4. c3 {[%emt 0:00:18]} Nc6 {[%emt 0:00:07]} 5. Nd2 {[%emt 0:00:20]} cxd4 {[%emt 0:00:05]} 6. exd4 {[%emt 0:00:05]} Bf5 {[%emt 0:00:00]} 7. Qb3 {[%emt 0:00:50]} Qc8 {[%emt 0:00:00]} 8. Ngf3 {[%emt 0:00:56]} e6 {[%emt 0:00:00]} 9. Bb5 {[%emt 0:00:31]} Be7 {[%emt 0:00:45]} 10. O-O {[%emt 0:00:30]} O-O {[%emt 0:00:07]} 11. Rfe1 {[%emt 0:00:55]} a6 {[%emt 0:01:40]} 12. Bxc6 {[%emt 0:01:34]} bxc6 {[%emt 0:00:01]} 13. Qa4 {[%emt 0:00:33]} c5 {[%emt 0:00:25]} 14. Nb3 {[%emt 0:00:32]} Ne4 {[%emt 0:01:05]} 15. Na5 {[%emt 0:00:33]} Qe8 {[%emt 0:01:51]} 16. Qc6 {[%emt 0:01:02]} cxd4 {[%emt 0:00:44]} 17. Nxd4 {[%emt 0:00:22]} Bg6 {[%emt 0:00:31]} 18. f3 {[%emt 0:00:37]} Nc5 {[%emt 0:00:26]} 19. Re2 {[%emt 0:00:47]} Rc8 {[%emt 0:01:03]} 20. Qxe8 {[%emt 0:00:09]} Rfxe8 {[%emt 0:00:09]} 21. Nac6 {[%emt 0:00:12]} Bf6 {[%emt 0:00:14]} 22. Ne5 {[%emt 0:00:16]} Nd3 {[%emt 0:00:18]} 23. Nxd3 {[%emt 0:00:01]} Bxd3 {[%emt 0:00:02]} 24. Re3 {[%emt 0:00:11]} Bg6 {[%emt 0:00:25]} 25. Be5 {[%emt 0:00:07]} Bd8 {[%emt 0:00:05]} 26. Rae1 {[%emt 0:00:01]} f6 {[%emt 0:00:11]} 27. Bd6 {[%emt 0:00:05]} e5 {[%emt 0:00:05]} 28. Nb3 {[%emt 0:00:05]} Bb6 {[%emt 0:00:00]} 29. Kf1 {[%emt 0:00:13]} Bxe3 {[%emt 0:00:00]} 30. Rxe3 {[%emt 0:00:00]} Red8 {[%emt 0:00:12]} 31. Bc5 {[%emt 0:00:05]} Bc2 {[%emt 0:00:10]} 32. Be7 {[%emt 0:00:08]} Rd7 {[%emt 0:00:05]} 33. Bb4 {[%emt 0:00:11]} Bxb3 {[%emt 0:00:00]} 34. axb3 {[%emt 0:00:05]} d4 {[%emt 0:00:05]} 35. Rd3 {[%emt 0:00:05]} dxc3 {[%emt 0:00:15]} 36. Rxd7 {[%emt 0:00:05]} cxb2 {[%emt 0:00:12]} 0-1

[Event "Red Bull Chess Masters 2018"]
[Site "Istanbul"]
[Date "2018.10.20"]
[Round "2.1"]
[White "Yucesoy, Atil"]
[Black "Dogan, Ali Ekber"]
[Result "0-1"]
[WhiteElo "1685"]
[BlackElo "2200"]
[Annotator "TA"]
[PlyCount "68"]
[EventDate "2018.10.19"]
[EventType "team-tourn"]
[EventCountry "TUR"]
[SourceTitle "playchess.com"]
[Source "ChessBase"]
[SourceQuality "1"]

{[%evp 19,68,33,34,31,27,0,0,0,0,0,0,-4,-4,-7,-7,0,-2,-20,-19,-22,-4,0,0,-43,-45,-47,-33,-71,-61,-772,-767,-754,-746,-977,-970,-945,-858,-1264,-1995,-2033,-2033,-1172,-1884,-1804,-1705,-1676,-1639,-1596,-1553,-1161,-1055]} 1. d4 Nf6 2. Nf3 g6 3. Nbd2 d5 4. b4 Bg7 5. e3 O-O 6. c4 c6 {D02: Damenbauernspiele} (6... a5 7. b5 c5 8. Bb2 Nbd7 9. Be2 b6 10. O-O Bb7 11. Rc1 Rc8 12. cxd5 Bxd5 13. Bc4 Bb7 14. Qe2 {1-0 (45) Inarkiev,E (2690)-Wei,Y (2735) Magas 2018}) 7. a4 Bf5 8. Be2 Nbd7 9. O-O Re8 10. Bb2 Ne4 {LiveBook: 4 Partien} 11. Qb3 Bg4 $146 {[#] Droht ...Sxd2 und aus.} ({Vorgänger:} 11... Ndf6 12. Rac1 Nxd2 13. Nxd2 Ne4 14. Nf3 {½-½ (41) Rajdeep,S (2347)-Khusenkhojaev,M (2212) Khanty-Mansiysk 2016}) 12. Rfe1 (12. Bd3 {looks sharper.} e5 13. cxd5 Nxd2 14. Nxd2 exd4 15. dxc6 bxc6 16. Bxd4 Bxd4 17. exd4 Nb6 18. b5) 12... Nxd2 13. Nxd2 Bxe2 14. Rxe2 e5 15. cxd5 exd4 16. dxc6 bxc6 17. Nf3 c5 18. bxc5 {Schwarz muss nun Tc1 beachten.} Rb8 19. Qa3 ({Natürlich nicht} 19. Qd5 d3 $17) 19... Rxb2 20. Rxb2 dxe3 21. fxe3 Bxb2 22. Qxb2 Nxc5 23. Qd4 Qe7 $36 {[%mdl 2048] [#] Und weiter mit ...Sb3 wäre nett. Schwarz drückt.} 24. Kf2 $2 {[%mdl 8192]} (24. Re1 $15) 24... Nb3 $1 $19 {[%csl LRa1,LRd4] Schwarz steht klar auf Gewinn.} 25. Qc3 Nxa1 26. Qxa1 Qxe3+ {[%mdl 4096] Endspiel KDT-KDS} 27. Kg3 h5 {[%cal Bh7h5,Bh5h4][%mdl 32]} 28. Qf6 Re4 29. h3 h4+ 30. Kh2 Qf4+ 31. Qxf4 Rxf4 32. a5 Ra4 33. Kg1 f6 34. Kf2 g5 {Precision: Weiß = 33%, Schwarz = 96%.} 0-1

[Event "Red Bull Chess Masters 2018"]
[Site "Istanbul"]
[Date "2018.10.20"]
[Round "2.1"]
[White "Sural, Ceren"]
[Black "Sahin, Hayrun Nisa"]
[Result "1/2-1/2"]
[WhiteElo "1662"]
[BlackElo "1708"]
[Annotator "NA RC"]
[PlyCount "132"]
[EventDate "2018.10.19"]
[EventType "team-tourn"]
[EventCountry "TUR"]
[SourceTitle "playchess.com"]
[Source "ChessBase"]
[SourceQuality "1"]
[TimeControl "600+5"]

1. e4 {[%emt 0:00:05]} c5 {[%emt 0:00:05]} 2. Nf3 {[%emt 0:00:05]} d6 {[%emt 0:00:05]} 3. d4 {[%emt 0:00:00]} cxd4 {[%emt 0:00:00]} 4. Nxd4 {[%emt 0:00:00]} Nf6 {[%emt 0:00:00]} 5. Nc3 {[%emt 0:00:04]} g6 {[%emt 0:00:03]} 6. Bc4 {[%emt 0:00:05]} Bg7 {[%emt 0:00:01]} 7. f3 {[%emt 0:01:32]} a6 {[%emt 0:00:01]} 8. Bb3 {[%emt 0:00:55]} b5 {[%emt 0:00:09]} 9. Nd5 {[%emt 0:00:30]} Bb7 {[%emt 0:00:16]} 10. Nxf6+ {[%emt 0:00:42]} Bxf6 {[%emt 0:00:05]} 11. c3 {[%emt 0:00:05]} Nc6 {[%emt 0:00:08]} 12. Bh6 {[%emt 0:00:55]} Nxd4 {[%emt 0:00:33]} 13. cxd4 {[%emt 0:00:05]} Qb6 {[%emt 0:00:05]} 14. Be3 {[%emt 0:00:05]} e5 {[%emt 0:00:14]} 15. Bf2 {[%emt 0:01:38]} exd4 {[%emt 0:00:51]} 16. O-O {[%emt 0:00:21]} O-O {[%emt 0:00:05]} 17. Qd3 {[%emt 0:00:00]} Rad8 {[%emt 0:00:14]} 18. Rad1 {[%emt 0:00:05]} d5 {[%emt 0:00:06]} 19. exd5 {[%emt 0:00:27]} Bxd5 {[%emt 0:00:03]} 20. Rd2 {[%emt 0:00:39]} Bxb3 {[%emt 0:00:25]} 21. Qxb3 {[%emt 0:00:05]} Rd7 {[%emt 0:00:07]} 22. Rfd1 {[%emt 0:00:05]} Rfd8 {[%emt 0:00:09]} 23. a4 {[%emt 0:00:36]} Rd5 {[%emt 0:01:17]} 24. Rd3 {[%emt 0:00:13]} Qc5 {[%emt 0:00:53]} 25. axb5 {[%emt 0:00:27]} Qxb5 {[%emt 0:00:36]} 26. Qa2 {[%emt 0:00:20]} R5d6 {[%emt 0:01:22]} 27. Bg3 {[%emt 0:00:12]} Rd5 {[%emt 0:00:13]} 28. R1d2 {[%emt 0:00:13]} Rc8 {[%emt 0:01:25]} 29. Qa1 {[%emt 0:00:50]} Rdc5 {[%emt 0:00:41]} 30. Rd1 {[%emt 0:00:04]} Rc2 {[%emt 0:00:29]} 31. b3 {[%emt 0:00:19]} R8c3 {[%emt 0:00:54]} 32. Qb1 {[%emt 0:00:04]} Qc5 {[%emt 0:00:14]} 33. Rxc3 {[%emt 0:00:26]} Qxc3 {[%emt 0:00:04]} 34. b4 {[%emt 0:00:22]} Qb2 {[%emt 0:00:02]} 35. Qxb2 {[%emt 0:00:03]} Rxb2 {[%emt 0:00:05]} 36. Be1 {[%emt 0:00:00]} Rb3 {[%emt 0:00:08]} 37. Kf2 {[%emt 0:00:07]} Kf8 {[%emt 0:00:24]} 38. Ke2 {[%emt 0:00:06]} Ke7 {[%emt 0:00:14]} 39. Rd3 {[%emt 0:00:12]} Rxd3 {[%emt 0:00:05]} 40. Kxd3 {[%emt 0:00:05]} Kd6 {[%emt 0:00:05]} 41. f4 {[%emt 0:00:05]} Kd5 {[%emt 0:00:05]} 42. g3 {[%emt 0:00:05]} Be7 {[%emt 0:00:05]} 43. Bd2 {[%emt 0:00:05]} Bf6 {[%emt 0:00:05]} 44. h4 {[%emt 0:00:05]} Bg7 {[%emt 0:00:05]} 45. Be1 {[%emt 0:00:05]} h6 {[%emt 0:00:00]} 46. Bd2 {[%emt 0:00:00]} f6 {[%emt 0:00:00]} 47. Bc1 {[%emt 0:00:00]} g5 {[%emt 0:00:04]} 48. hxg5 {[%emt 0:00:00]} hxg5 {[%emt 0:00:05]} 49. fxg5 {[%emt 0:00:00]} fxg5 {[%emt 0:00:05]} 50. Bxg5 {[%emt 0:00:05]} Bf8 {[%emt 0:00:05]} 51. Bd2 {[%emt 0:00:05]} Bd6 {[%emt 0:00:05]} 52. g4 {[%emt 0:00:05]} Bf8 {[%emt 0:00:05]} 53. g5 {[%emt 0:00:05]} Bg7 {[%emt 0:00:05]} 54. Be1 {[%emt 0:00:00]} Bh8 {[%emt 0:00:00]} 55. Bd2 {[%emt 0:00:00]} Bg7 {[%emt 0:00:00]} 56. Bc1 {[%emt 0:00:00]} Bh8 {[%emt 0:00:00]} 57. Bd2 {[%emt 0:00:00]} Bg7 {[%emt 0:00:00]} 58. Bf4 {[%emt 0:00:00]} Bf8 {[%emt 0:00:00]} 59. Bd2 {[%emt 0:00:04]} Bg7 {[%emt 0:00:00]} 60. Be1 {[%emt 0:00:03]} Bf8 {[%emt 0:00:00]} 61. g6 {[%emt 0:00:05]} Bg7 {[%emt 0:00:00]} 62. Bh4 {[%emt 0:00:16]} Ke5 {[%emt 0:00:00]} 63. Bf2 {[%emt 0:00:06]} Kd5 {[%emt 0:00:00]} 64. Bh4 {[%emt 0:00:11]} Ke5 {[%emt 0:00:00]} 65. Be7 {[%emt 0:00:04]} Kd5 {[%emt 0:00:00]} 66. Bc5 {[%emt 0:00:02]} a5 {[%emt 0:00:02]} 1/2-1/2

[Event "Red Bull Chess Masters 2018"]
[Site "Istanbul"]
[Date "2018.10.20"]
[Round "2.1"]
[White "Eraslan, Ecem"]
[Black "Dai, Irmak"]
[Result "1-0"]
[WhiteElo "1290"]
[BlackElo "1854"]
[Annotator "NA RC"]
[PlyCount "82"]
[EventDate "2018.10.19"]
[EventType "team-tourn"]
[EventCountry "TUR"]
[SourceTitle "playchess.com"]
[Source "ChessBase"]
[SourceQuality "1"]
[TimeControl "600+5"]

1. e4 {[%emt 0:00:00]} c5 {[%emt 0:00:05]} 2. c3 {[%emt 0:00:04]} d5 {[%emt 0:00:05]} 3. exd5 {[%emt 0:00:05]} Qxd5 {[%emt 0:00:05]} 4. d4 {[%emt 0:00:00]} cxd4 {[%emt 0:01:05]} 5. cxd4 {[%emt 0:00:00]} Nc6 {[%emt 0:00:28]} 6. Nf3 {[%emt 0:00:06]} e6 {[%emt 0:01:16]} 7. Be2 {[%emt 0:01:19]} Nf6 {[%emt 0:00:05]} 8. Nc3 {[%emt 0:00:05]} Qd8 {[%emt 0:00:07]} 9. O-O {[%emt 0:00:02]} Be7 {[%emt 0:00:05]} 10. a3 {[%emt 0:00:05]} O-O {[%emt 0:00:08]} 11. h3 {[%emt 0:01:18]} Nd5 {[%emt 0:01:18]} 12. Nxd5 $11 {[%emt 0:00:30]} Qxd5 {[%emt 0:00:10]} 13. Be3 {[%emt 0:00:23]} b5 {[%emt 0:02:10]} 14. Qd3 {[%emt 0:04:10]} a6 {[%emt 0:00:20]} 15. Rac1 {[%emt 0:00:30]} Bb7 {[%emt 0:00:26]} 16. Rfd1 {[%emt 0:00:27]} Rac8 {[%emt 0:00:22]} 17. Bf1 {[%emt 0:00:12]} Rfd8 {[%emt 0:00:20]} 18. Kh1 {[%emt 0:00:45]} Rd7 {[%emt 0:01:22]} 19. Bf4 {[%emt 0:00:43]} f6 {[%emt 0:01:08]} 20. Be3 {[%emt 0:00:11]} Rcd8 {[%emt 0:00:05]} 21. Rc3 {[%emt 0:00:13]} Na5 {[%emt 0:00:13]} 22. Qd2 {[%emt 0:00:12]} Nc6 {[%emt 0:00:17]} 23. Kg1 {[%emt 0:00:20]} b4 {[%emt 0:00:05]} 24. Rd3 {[%emt 0:00:09]} bxa3 {[%emt 0:00:06]} 25. bxa3 {[%emt 0:00:05]} Na5 {[%emt 0:00:05]} 26. Rc3 {[%emt 0:00:05]} Nc6 {[%emt 0:00:05]} 27. Qc2 {[%emt 0:00:05]} Qa5 {[%emt 0:00:05]} 28. Bd2 {[%emt 0:00:05]} Qb6 {[%emt 0:00:05]} 29. Be3 {[%emt 0:00:05]} Rc8 {[%emt 0:00:05]} 30. Rb1 {[%emt 0:00:00]} Qa7 {[%emt 0:00:03]} 31. d5 Qa8 {[%emt 0:00:10]} 32. dxc6 {[%emt 0:00:00]} Rxc6 {[%emt 0:00:01]} 33. Rxc6 {[%emt 0:00:00]} Bxc6 {[%emt 0:00:05]} 34. Be2 {[%emt 0:00:00]} Bxa3 {[%emt 0:00:05]} 35. Qb3 {[%emt 0:00:05]} Bf8 {[%emt 0:00:05]} 36. Qxe6+ {[%emt 0:00:05]} Kh8 {[%emt 0:00:04]} 37. Bc4 {[%emt 0:00:09]} Ba3 {[%emt 0:00:05]} 38. Rb3 {[%emt 0:00:05]} Bd6 {[%emt 0:00:10]} 39. Rd3 {[%emt 0:00:08]} Qb8 {[%emt 0:00:04]} 40. Rb3 {[%emt 0:00:15]} Qc8 {[%emt 0:00:05]} 41. Rb6 {[%emt 0:00:06]} Bxf3 {[%emt 0:00:12]} 1-0

[Event "Red Bull Chess Masters 2018"]
[Site "Istanbul"]
[Date "2018.10.20"]
[Round "2.1"]
[White "Tofan, Zeynep"]
[Black "Sahin, Handenur"]
[Result "0-1"]
[WhiteElo "1058"]
[BlackElo "1998"]
[Annotator "NA RC"]
[PlyCount "40"]
[EventDate "2018.10.19"]
[EventType "team-tourn"]
[EventCountry "TUR"]
[SourceTitle "playchess.com"]
[Source "ChessBase"]
[SourceQuality "1"]
[TimeControl "600+5"]

1. e4 {[%emt 0:00:02]} e5 {[%emt 0:00:06]} 2. Nf3 {[%emt 0:00:05]} Nc6 {[%emt 0:00:05]} 3. Nc3 {[%emt 0:00:04]} Nf6 {[%emt 0:00:00]} 4. Bc4 {[%emt 0:00:19]} Nxe4 {[%emt 0:00:21]} 5. Nxe4 {[%emt 0:00:05]} d5 {[%emt 0:00:00]} 6. Bxd5 {[%emt 0:00:16]} Qxd5 {[%emt 0:00:02]} 7. Nc3 {[%emt 0:00:54]} Qd8 {[%emt 0:00:05]} 8. d3 {[%emt 0:00:03]} Be7 {[%emt 0:00:49]} 9. h3 {[%emt 0:00:11]} O-O {[%emt 0:00:08]} 10. O-O {[%emt 0:00:02]} Bf5 {[%emt 0:00:24]} 11. Re1 {[%emt 0:00:14]} Bd6 {[%emt 0:00:24]} 12. Be3 {[%emt 0:01:28]} Re8 {[%emt 0:00:12]} 13. a3 {[%emt 0:00:42]} h6 {[%emt 0:01:19]} 14. Qd2 {[%emt 0:00:22]} Qd7 {[%emt 0:00:53]} 15. Kf1 {[%emt 0:02:33]} Rad8 {[%emt 0:00:50]} 16. Nd5 {[%emt 0:00:07]} Qe6 {[%emt 0:01:20]} 17. Nc3 {[%emt 0:02:01]} Bf8 {[%emt 0:00:53]} 18. Rad1 {[%emt 0:01:36]} Qf6 {[%emt 0:00:08]} 19. Qc1 {[%emt 0:00:10]} Bxh3 {[%emt 0:00:10]} 20. gxh3 {[%emt 0:00:10]} Qxf3 {[%emt 0:00:03]} 0-1

[Event "Red Bull Chess Masters 2018"]
[Site "Istanbul"]
[Date "2018.10.20"]
[Round "2.2"]
[White "Tasdogen, Dincer"]
[Black "Ozdover, Mustafa Berkay"]
[Result "1-0"]
[WhiteElo "2310"]
[BlackElo "2120"]
[Annotator "TA"]
[PlyCount "50"]
[EventDate "2018.10.19"]
[EventType "team-tourn"]
[EventCountry "TUR"]
[SourceTitle "playchess.com"]
[Source "ChessBase"]
[SourceQuality "1"]

{[%evp 14,50,50,51,67,33,39,33,33,29,40,0,42,46,46,54,67,3,0,0,-9,-29,107,95,101,64,89,-30,47,49,144,145,179,157,745,621,1828,1796,1633]} 1. e4 d6 2. d4 Nf6 3. Nc3 g6 4. Nf3 Bg7 5. Be2 O-O 6. h3 c6 7. a4 b6 {B08: Pirc Defence: Classical System} 8. O-O {LiveBook: 9 Games} Qc7 (8... Bb7 9. e5 Ne8 10. Bf4 Nd7 11. Re1 c5 12. exd6 Nxd6 13. dxc5 Nxc5 14. Be5 a5 15. Bxg7 Kxg7 {0-1 (51) Horvath,A (2498)-Aronian,L (2795) Germany 2017}) 9. Bc4 $146 ({Predecessor:} 9. d5 Bb7 10. Re1 Nbd7 11. Bf4 Rfe8 12. Qd2 a6 13. Bf1 Rac8 14. Rad1 cxd5 15. exd5 Qb8 {1-0 (37) Dittmar,P (2266)-Graf,G (2237) Deutschland 2017}) 9... Nbd7 {White is slightly better.} 10. Qe2 e5 11. dxe5 Nxe5 12. Bb3 Nfd7 13. Nxe5 $1 Bxe5 14. Bh6 Re8 15. Qd2 ({Better is} 15. Bxf7+ $1 $14 Kxf7 16. Qc4+ d5 17. exd5) 15... Nc5 $11 16. Bc4 Be6 17. Be2 Bg7 (17... f6 $11) 18. Bxg7 $16 Kxg7 19. Rad1 Rad8 20. f4 (20. b4 $16) 20... f5 ({Black should try} 20... d5 $1 $11) 21. exf5 $14 gxf5 (21... Bxf5 $14 22. g4 Bc8) 22. Rf3 {[#] Black must now prevent Qd4+.} Qe7 23. Qd4+ Kf8 $2 (23... Kh6 $16) 24. Qh8+ Bg8 {intending ...Qg7.} 25. Rg3 {[%csl Gg3][%cal Rh8g8]} Qf7 {Precision: White = 48%, Black = 20%.} 1-0

[Event "Red Bull Chess Masters 2018"]
[Site "Istanbul"]
[Date "2018.10.20"]
[Round "2.2"]
[White "Sevgi, Volkan"]
[Black "Yeke, Serkan"]
[Result "1-0"]
[WhiteElo "2296"]
[BlackElo "2117"]
[Annotator "TA"]
[PlyCount "127"]
[EventDate "2018.10.19"]
[EventType "team-tourn"]
[EventCountry "TUR"]
[SourceTitle "playchess.com"]
[Source "ChessBase"]
[SourceQuality "1"]

{[%evp 19,126,8,10,9,27,20,75,43,84,46,136,135,143,103,148,133,145,137,150,151,136,154,375,55,67,0,0,0,0,0,0,0,0,0,0,-58,-27,-24,132,129,1207,201,361,25,26,25,35,29,43,17,15,0,0,0,0,0,0,0,0,0,0,-17,-22,-18,-13,-35,-12,-25,-32,-46,-42,-76,-39,-46,-31,-39,-31,-31,-15,-15,-8,-47,-22,-33,-27,-41,-19,-24,-24,-26,0,0,8,8,8,8,8,8,23,23,24,3,5,3,18,18,24,21,29999]} 1. e4 e5 2. Nf3 Nc6 3. Bc4 Nf6 4. d3 Be7 5. O-O O-O 6. Re1 d6 7. c3 Na5 8. Bb5 {[%cal Bc4b5,Bb5a4,Ba4c2][%mdl 32]} a6 9. Ba4 {C55: Zweispringerspiel} c5 (9... b5 10. Bc2 c5 11. d4 cxd4 12. cxd4 Qc7 13. Bg5 Be6 14. Nbd2 h6 15. Bh4 Rac8 16. Rc1 Nc4 17. Nxc4 bxc4 18. d5 Bg4 {½-½ (80) Bocharov,I (2563)-Oparin,G (2624) Sochi 2018}) 10. Bc2 Nc6 {LiveBook: 4 Partien} 11. h3 {Die Stellung ist ausgeglichen.} Kh8 $146 12. d4 b5 (12... exd4 $11 13. cxd4 d5) 13. Nbd2 {[%cal Bb1d2,Bd2f1,Bf1e3,Be3d5][%mdl 32]} Ng8 {[%cal Re5d4]} 14. Nf1 Bf6 ({Lieber} 14... cxd4 $14 15. cxd4 exd4) 15. dxc5 $1 $16 dxc5 16. Qe2 Nge7 17. Ne3 Na5 18. Rd1 Qc7 19. Nd5 Nxd5 20. exd5 {Droht d6 und aus.} ({Schlechter ist} 20. Rxd5 Be6 $11) 20... Nb7 $2 (20... Bb7 $16 {war angesagt.} 21. b3 Rfe8) 21. d6 $2 ({Günstiger ist} 21. Qe4 $18 {[%csl Gc2][%cal Re4h7]} g6 22. d6 $1 {[%mdl 512]}) 21... Nxd6 $14 22. Rxd6 (22. Nxe5 $14 Bf5 23. Bf4 Bxe5 24. Bxe5 (24. Qxe5 Bxc2 25. Rxd6 Rfe8 $14)) 22... Qxd6 $11 23. Qe4 $40 {[%csl Gc2][%cal Re4h7][%mdl 128] Weiss greift an.} g6 $1 24. Qxa8 {zielt auf Da7 ab.} Bf5 25. Qa7 $1 Bxc2 26. Be3 Be7 {[#]} 27. Re1 (27. b4 $1 $11 {[%mdl 512]} cxb4 28. cxb4 Qxb4 29. Nxe5) 27... Kg8 28. Bh6 Rd8 $2 ({Besser ist} 28... e4 $11) 29. Nxe5 $16 {Sc6! ist eine echte Drohung.} Re8 $2 {[%mdl 8192] [#]} (29... Qe6 $16) 30. Qd7 $2 (30. Nc6 $1 {[%cal Rc6e7][%mdl 512]} Kh8 (30... Qxc6 31. Rxe7) 31. Nxe7) 30... Rd8 $2 {[#]} (30... Rb8 {ist wohl besser.} 31. Bg5 f6) 31. Qxd6 $2 (31. Qb7 $1 $18) 31... Bxd6 $11 32. Nc6 Ra8 33. Ne7+ Kh8 34. Nd5 (34. g4 {looks sharper.} a5 35. Nd5 a4 36. Nf6 Rd8 37. Ne8) 34... Bf5 35. Nf6 Be6 36. Ne4 Be7 37. Be3 Rc8 38. a3 Kg7 39. Rd1 h6 40. Nd6 Rc6 $1 {[%cal Rc6d6]} 41. Nb7 Bc8 42. Na5 Rd6 (42... Rc7 {looks sharper.} 43. b4 cxb4 44. cxb4 Rc2 45. Bd4+ Kf8) 43. Rxd6 (43. Re1 {is interesting.} Bf6 44. Nb3 c4 45. Nc5 Rd5 46. Ne4) 43... Bxd6 {[%mdl 4096] Endspiel KLL-KLS} 44. Nb3 c4 45. Nd4 h5 46. h4 Bb7 47. f3 Kf8 48. Kf2 Ke7 49. Ne2 Kd7 50. Bd4 Bd5 51. Be3 Be7 52. g3 a5 53. Bb6 b4 54. Bxa5 bxa3 (54... Bc5+ {seems wilder.} 55. Kg2 b3 56. Bb4 Be3 57. a4 Kc7) 55. bxa3 Bxa3 56. Bb4 Bb2 $1 57. Ke3 Bb7 58. g4 Bc6 59. gxh5 gxh5 60. Ng3 Bc1+ 61. Kf2 Ke6 62. Nxh5 Kf5 63. Ng3+ Kf4 $2 {[%mdl 8192]} (63... Kg6 $11) 64. Bd6# {Precision: Weiß = 50%, Schwarz = 23%.} 1-0